Municípios da Região Metropolitana de Campinas (SP) no mapa - Statistics

Estatísticas Gerais
  • Esse quiz foi jogado 693 vezes
  • A pontuação média é 12 de 20
Respostas no mapa
Respostas codificadas por cores de uma escala verde-vermelha no mapa do quiz de acordo com a % correta abaixo.
 
Estatísticas das Respostas
Município % Correto
Campinas
99%
Valinhos
83%
Vinhedo
81%
Hortolândia
78%
Americana
75%
Sumaré
74%
Indaiatuba
69%
Paulínia
68%
Santa Bárbara d'Oeste
65%
Holambra
62%
Nova Odessa
59%
Monte Mor
58%
Jaguariúna
56%
Itatiba
50%
Cosmópolis
49%
Artur Nogueira
47%
Pedreira
44%
Engenheiro Coelho
40%
Santo Antônio de Posse
38%
Morungaba
37%
Nenhum quiz correspondente encontrado
Distribuição das Pontuações
Porcentagem de Pessoas com Cada Pontuação
Percentil de Números Respondidos
Sua Pontuação Histórica
Você não jogou esse quiz